000 00746nam a2200217#a 4500
001 02071
003 HDC
007 ta
008 230623s2013 xx 000 0 eng d
040 _aHDC
050 _amatrade BP184.98
_b .M35 2013
110 _aMalaysian External Trade Development Corporation.
245 0 _a10th international halal showcase , 3-4 April 2013, Kuala Lumpur Convention Centre KLCC, Malaysia /
_cMalaysian External Trade Development Corporation.
264 _aKuala Lumpur :
_bMalaysian External Trade Development Corporation,
_c2013.
300 _avarious paging. :
_b ill. ;
_c 20cm.
650 _aHalal food industry
_vDirectories.
942 _2lcc
942 _cBK
942 _kmatrade BP184.98
942 _m .M35 2013
999 _c23631
_d23631